000 00595nam a22002057a 4500
008 240702b mp ||||| |||| 00| 0 mon d
035 _a24864
040 _aZA2481090
_bmon
_cMN-UlNLM
_dMN-UlNLM
_erda
041 _amon
042 _a54952
084 _2NNA
_a84/4шв/-44
_bЛ-59
100 _aЛиндгрен А.
245 0 _aРасмус тэнүүлч хоёр
264 _aулаанбаатар
_bБолор судар
_c2015
300 _a259х.
336 _2rdacontent
_atext
_btxt
337 _2rdamedia
_aunmediated
_bn
338 _2rdacarrier
_avolume
_bnc
942 _2NNA
_cBK
999 _c1092780
_d1092837